000 00685nam a22002177a 4500
003 UA-OsUOA
001 53975
007 ta
008 20080513b un ||||| |||| 00| 0 ukr d
100 _aСльозко Т.
090 _a330(477)
_bС-12
942 _cSA
040 _aUA-OsUOA
_bukr
_cUA-OsUOA
_dUA-OsUOA
245 _aПроцедура бухгалтерського обліку: організаційний та методичний підходи
300 _aС.31-37
955 _a0
041 _aukr
080 _a330(477)
773 0 _w53974
_tБухгалтерський облік і аудит
_dК.
_d2008
_g4
650 7 _a330 Економіка взагалі
_2UDC
999 _c340064
_d340064